00463nam a2200157Ia 450000500170000000800460001703700180006304000200008104100130010108400240011410000190013824500860015726000090024330000090025254600440026120250508163239.0008 250505s9999 xx 000 0 eng d aDissertations aFEDLbengcFEDL aeng2eng a371.1, RAM/DIqFEDL aRam Briksh Ram 0aStudy of job-satisfaction and teaching effectiveness of secondary school teachers c1984 a57p. aM.Ed. Dissertation (Banaras University)